| 000 | 00922nam a22002057a 4500 | ||
|---|---|---|---|
| 999 |
_c54402 _d54402 |
||
| 008 | 190724b ||||| |||| 00| 0 eng d | ||
| 020 | _a9004125264 (alk. paper) | ||
| 020 | _a9789004125261 | ||
| 050 |
_aBR65.C54 _bF53 2004 |
||
| 245 |
_aEncounters with Hellenism : _bstudies on the First letter of Clement / _cedited by Cilliers Breytenbach & Laurence L. Welborn. |
||
| 260 |
_aLeiden ; _aBoston : _bBrill, _c2004. |
||
| 300 |
_aviii, 231 p. ; _c25 cm. |
||
| 440 |
_aArbeiten zur Geschichte des antiken Judentums und des Urchristentums, English and German. _v 53 546 _x0169-734X ; |
||
| 500 | _aIncludes bibliographical references and indexes. | ||
| 600 |
_2Clement _b I, Pope. _tFirst epistle of Clement to the Corinthians. |
||
| 650 |
_aChristianity and culture _xHistory _yEarly church, ca. 30-600. |
||
| 700 |
_aBreytenbach, Cilliers, _d1954- |
||
| 700 |
_aWelborn, L. L., _d1953- |
||
| 942 |
_2lcc _cBK |
||